00760nam a2200205 a 450000100100000000500170001000800410002702000180006804000250008610000300011124500340014126000630017530000280023849000400026650000730030683000440037904900090042395201050043299900170053700003430620200930073629.0111003s2009 br 000 0 spa d a9788533305922 aDO-SdBNPbspacBNPHU1 aCunha, Euclides da95973810aCaderneta de campo /ceditor. aRio de Janeiro :bFundaçâo Biblioteca Nacional,c2009. a371 p. :bil. ;c19 cm.1 aCuadernos da Biblioteca Nacionalv6 aIncluye referencias bibliográficas y notas al pie de las páginas 0aCuadernos da Biblioteca Nacional959739 aBNPD 001050718MOaGRbGRcCTd2011-10-03iLF1l0o p34306-10r2020-06-25w2020-06-25y1ZNo se presta c33797d33797